000
00218nam a22000977a 4500
999
_c
264070
_d
264069
020
_a
0439762391
100
_a
ALYSSA SATIN CAPUCILLI
245
_a
BISCUITS BIG FRIEND
260
_a
U.S.A
_b
SCHOLASTIC
_c
2003
942
_c
BK